| 000 | 00648nam a2200217Ia 4500 | ||
|---|---|---|---|
| 008 | 160319s9999 xx 000 0 und d | ||
| 245 | _aMen of history : | ||
| 245 | _bCastro, Lincoln / | ||
| 245 | _cDiscovery Channel. | ||
| 260 | _aCanada : | ||
| 260 | _bDiscovery Commmunications/Exploration Production Inc., | ||
| 260 | _c2007 | ||
| 300 | _a1 videodisc (44 minutes) : | ||
| 300 | _bsound., color ; | ||
| 300 | _c4 3/4 in. | ||
| 650 | _aCastro, Fidel 1926- | ||
| 650 | _aCuba -- Politics and government -- 1959- | ||
| 650 | _aLincoln, Abraham, 1809-1865. | ||
| 650 | _aPresidents -- United States -- | ||
| 650 | _x Biography. | ||
| 999 |
_c292541 _d292541 |
||